000 00347nam a22001217a 4500
008 150220b xxu||||| |||| 00| 0 eng d
050 _aLB1051
_b.H54 2006
245 _aHigher education :
_bcatalogue 2006/7
260 _aUpper Saddle River, N.J.
_bPearson Education Pub ;
_c2006
300 _aCD-ROM
650 _vHigher education
942 _2lcc
_cCD
999 _c44312
_d44312